[Event "Bad Wiessee Senioren Cup 8th"]
[Site "Bad Wiessee"]
[Date "2019.05.14"]
[Round "4"]
[White "Schroeder, Klaus"]
[Black "Nelson, Wayne"]
[Result "0-1"]
[WhiteElo "1848"]
[BlackElo "1959"]
[PlyCount "96"]
[EventDate "2019.05.11"]
[EventType "swiss"]
[EventRounds "9"]
[EventCountry "GER"]
[SourceTitle "EXT 2020"]
[Source "ChessBase"]
[SourceDate "2019.10.17"]
[SourceVersion "1"]
[SourceVersionDate "2019.10.17"]
[SourceQuality "1"]

1. d4 c6 2. e4 d5 3. Nc3 dxe4 4. Nxe4 Nd7 5. Nf3 Ngf6 6. Ng3 g6 7. c3 Bg7 8. Bd3 0-0 9. 0-0 b6 10. Be3 Bb7 11. b4 a5 12. a3 axb4 13. axb4 Rxa1 14. Qxa1 Qc7 15. Qb2 c5 16. Be2 Ra8 17. bxc5 bxc5 18. Rc1 e6 19. dxc5 Nd5 20. Qd2 Nxc5 21. Bxc5 Qxc5 22. Ne4 Qc7 23. c4 Nf4 24. Ng3 Nxe2+ 25. Qxe2 Qc5 26. h3 Rc8 27. Nd2 Bh6 28. Ngf1 Rd8 29. Rc2 Qf5 30. Rb2 Ba8 31. Ng3 Qa5 32. Ngf1 Qc3 33. Nb1 Qd4 34. Ra2 Be4 35. Nbd2 Bd3 36. Qf3 Bxf1 37. Nxf1 Qxc4 38. Ra7 Rf8 39. Ng3 Qc1+ 40. Nf1 Bg7 41. Qb7 Bd4 42. Ra2 e5 43. Ra6 Qe1 44. Rf6 Kg7 45. Qe7 Qc1 46. Rf3 Qc5 47. Qf6+ Kg8 48. h4 e4 0-1

[Event "Prague Holiday K31"]
[Site "Prague"]
[Date "2017.08.04"]
[Round "9"]
[White "Hapke, Ralf"]
[Black "Nelson, Wayne"]
[Result "1/2-1/2"]
[WhiteElo "1828"]
[BlackElo "2056"]
[PlyCount "28"]
[EventDate "2017.07.30"]
[EventType "tourn"]
[EventRounds "9"]
[EventCountry "CZE"]
[SourceTitle "EXT 2023"]
[Source "ChessBase"]
[SourceDate "2022.10.05"]
[SourceVersion "1"]
[SourceVersionDate "2022.10.05"]
[SourceQuality "1"]

1. e4 c6 2. Nc3 d5 3. Nf3 g6 4. h3 Bg7 5. exd5 cxd5 6. d4 Nc6 7. Bf4 a6 8. Qd2 e6 9. Nd1 Qb6 10. c3 Bd7 11. Bd3 Nf6 12. Ne5 0-0 13. 0-0 Nxe5 14. Bxe5 Bb5 1/2-1/2

[Event "Prague Holiday K31"]
[Site "Prague"]
[Date "2017.08.03"]
[Round "8"]
[White "Nelson, Wayne"]
[Black "Vit, Zdenek"]
[Result "1-0"]
[WhiteElo "2056"]
[BlackElo "1889"]
[PlyCount "87"]
[EventDate "2017.07.30"]
[EventType "tourn"]
[EventRounds "9"]
[EventCountry "CZE"]
[SourceTitle "EXT 2023"]
[Source "ChessBase"]
[SourceDate "2022.10.05"]
[SourceVersion "1"]
[SourceVersionDate "2022.10.05"]
[SourceQuality "1"]

1. d4 Nf6 2. Bg5 e6 3. e3 c5 4. c3 cxd4 5. exd4 d5 6. Bd3 Be7 7. Nd2 0-0 8. Ngf3 Nc6 9. 0-0 Ne8 10. Bxe7 Qxe7 11. Re1 Qd6 12. Ne5 g6 13. Ndf3 Ng7 14. Qd2 Ne7 15. Qf4 Qb6 16. Re2 f6 17. Ng4 Nh5 18. Qd2 e5 19. Nh6+ Kg7 20. dxe5 fxe5 21. Nxe5 Nf4 22. Ree1 Kxh6 23. g3 Kg7 24. gxf4 Bf5 25. Bxf5 Rxf5 26. Nd7 Qd6 27. Qd4+ Kg8 28. Ne5 Nc6 29. Nxc6 bxc6 30. Re5 c5 31. Qe3 Raf8 32. Rd1 g5 33. Qg3 d4 34. cxd4 cxd4 35. Rxf5 Rxf5 36. fxg5 Qc5 37. h4 Qc2 38. Qb3+ Qxb3 39. axb3 Rf3 40. Rxd4 Rxb3 41. Kg2 Rxb2 42. Rd8+ Kg7 43. Rd7+ Kg6 44. Rxa7 1-0

[Event "Prague Holiday K31"]
[Site "Prague"]
[Date "2014.08.07"]
[Round "8"]
[White "Hadzala, Daniel"]
[Black "Nelson, Wayne"]
[Result "1/2-1/2"]
[WhiteElo "2070"]
[BlackElo "2067"]
[PlyCount "22"]
[EventDate "2014.08.03"]
[EventType "tourn"]
[EventRounds "9"]
[EventCountry "CZE"]
[SourceTitle "EXT 2023"]
[Source "ChessBase"]
[SourceDate "2022.10.05"]
[SourceVersion "1"]
[SourceVersionDate "2022.10.05"]
[SourceQuality "1"]

1. Nf3 d5 2. g3 Nf6 3. Bg2 c6 4. 0-0 Nbd7 5. d4 e6 6. b3 Bd6 7. Bb2 0-0 8. c4 b6 9. Qc2 Bb7 10. Nbd2 Qe7 11. Ne5 Ba3 1/2-1/2

[Event "Prague Holiday K31"]
[Site "Prague"]
[Date "2014.08.07"]
[Round "7"]
[White "Nelson, Wayne"]
[Black "Kostelecky, Daniel"]
[Result "1-0"]
[WhiteElo "2067"]
[BlackElo "1639"]
[PlyCount "97"]
[EventDate "2014.08.03"]
[EventType "tourn"]
[EventRounds "9"]
[EventCountry "CZE"]
[SourceTitle "EXT 2023"]
[Source "ChessBase"]
[SourceDate "2022.10.05"]
[SourceVersion "1"]
[SourceVersionDate "2022.10.05"]
[SourceQuality "1"]

1. d4 Nf6 2. Bg5 d5 3. Bxf6 gxf6 4. e3 e5 5. Nd2 Bg7 6. c4 c6 7. Ne2 Be6 8. cxd5 cxd5 9. Nb3 b6 10. Rc1 0-0 11. g3 e4 12. Nf4 Qd7 13. h4 Bg4 14. Be2 f5 15. 0-0 Bh6 16. Nh5 Qe6 17. Bxg4 fxg4 18. Qxg4+ Qxg4 19. Nf6+ Kh8 20. Nxg4 Bg7 21. Rc2 Na6 22. a3 f5 23. Nh2 Rac8 24. Rfc1 Rxc2 25. Rxc2 h5 26. Nf1 Kh7 27. Nfd2 Rf7 28. Nb1 Rd7 29. Kf1 Kg6 30. Ke1 Kf7 31. Kd2 Nc7 32. Rc6 Ne8 33. Nc1 Rc7 34. Rxc7+ Nxc7 35. Ne2 Bh6 36. Nbc3 Ke6 37. Kc2 a6 38. b4 Kd6 39. a4 Ne8 40. Nc1 Kc6 41. Nb3 Bf8 42. b5+ axb5 43. axb5+ Kc7 44. Nxd5+ Kb7 45. Nd2 Nd6 46. Kb3 Nxb5 47. Nc4 Kc6 48. Ndxb6 Nc7 49. Na4 1-0

[Event "Prague Holiday K31"]
[Site "Prague"]
[Date "2014.08.05"]
[Round "4"]
[White "Nelson, Wayne"]
[Black "Pokorny, Jan1111"]
[Result "1-0"]
[WhiteElo "2067"]
[BlackElo "1866"]
[PlyCount "64"]
[EventDate "2014.08.03"]
[EventType "tourn"]
[EventRounds "9"]
[EventCountry "CZE"]
[SourceTitle "EXT 2023"]
[Source "ChessBase"]
[SourceDate "2022.10.05"]
[SourceVersion "1"]
[SourceVersionDate "2022.10.05"]
[SourceQuality "1"]

1. d4 d6 2. Nf3 Nf6 3. c4 g6 4. Nc3 Bg7 5. e3 0-0 6. b3 b6 7. Bb2 Bb7 8. g3 Ne4 9. Bg2 c5 10. 0-0 Nd7 11. Qc2 Nxc3 12. Bxc3 cxd4 13. exd4 Rc8 14. Rfe1 Re8 15. Qb2 Qc7 16. Rac1 e6 17. Qd2 Nf6 18. Bb2 Qd7 19. a4 a6 20. Qd3 Rcd8 21. Bh3 Qc6 22. Bg2 Qd7 23. Qc3 b5 24. axb5 axb5 25. c5 dxc5 26. dxc5 Bxf3 27. Bxf3 Nh5 28. Qc2 Bxb2 29. Qxb2 Ng7 30. Red1 Qc7 31. b4 Nf5 32. Rd2 Rd3 1-0

[Event "Prague Holiday K32"]
[Site "Prague"]
[Date "2013.07.29"]
[Round "3"]
[White "Hentzgen, Thomas"]
[Black "Nelson, Wayne"]
[Result "1-0"]
[WhiteElo "2035"]
[BlackElo "2040"]
[PlyCount "55"]
[EventDate "2013.07.28"]
[EventType "tourn"]
[EventRounds "9"]
[EventCountry "CZE"]
[SourceTitle "EXT 2023"]
[Source "ChessBase"]
[SourceDate "2022.10.05"]
[SourceVersion "1"]
[SourceVersionDate "2022.10.05"]
[SourceQuality "1"]

1. f4 d5 2. g3 Nf6 3. Bg2 Nbd7 4. Nf3 e6 5. d3 Be7 6. 0-0 c6 7. e3 Qb6 8. Qe2 Nf8 9. h3 Ng6 10. Qf2 0-0 11. Nc3 Bd7 12. Kh1 Rad8 13. g4 Bc8 14. Ne2 c5 15. Ng3 Ne8 16. Nh5 Nf6 17. Nxf6+ Bxf6 18. g5 Be7 19. h4 Bd6 20. h5 Ne7 21. Nh4 Bc7 22. Qe2 Nf5 23. Nxf5 exf5 24. b3 Rfe8 25. Qf3 Be6 26. Bd2 Bc8 27. Bc1 g6 28. Bd2 1-0

[Event "Prague Holiday K32"]
[Site "Prague"]
[Date "2013.07.28"]
[Round "2"]
[White "Nelson, Wayne"]
[Black "Placheta, Rostislav"]
[Result "1-0"]
[WhiteElo "2040"]
[BlackElo "1784"]
[PlyCount "89"]
[EventDate "2013.07.28"]
[EventType "tourn"]
[EventRounds "9"]
[EventCountry "CZE"]
[SourceTitle "EXT 2023"]
[Source "ChessBase"]
[SourceDate "2022.10.05"]
[SourceVersion "1"]
[SourceVersionDate "2022.10.05"]
[SourceQuality "1"]

1. d4 Nf6 2. Bg5 d5 3. Bxf6 exf6 4. e3 Bd6 5. Ne2 c6 6. g3 Bg4 7. Nd2 0-0 8. Bg2 Re8 9. 0-0 Qc7 10. c4 dxc4 11. Nxc4 Nd7 12. Nxd6 Qxd6 13. Qc2 Bxe2 14. Qxe2 f5 15. Qc2 Qf6 16. Qb3 Rab8 17. Rac1 Nb6 18. Rc5 Nd7 19. Rc2 g6 20. d5 cxd5 21. Bxd5 Nb6 22. Bg2 Qe7 23. Rfc1 Qd8 24. Qa3 Re7 25. Qb3 Qd6 26. a4 Qe6 27. Qa3 Rd7 28. a5 Nd5 29. Rc8+ Rxc8 30. Rxc8+ Kg7 31. Qf8+ Kf6 32. h4 Qe7 33. Qh8+ Ke6 34. Re8 Nf6 35. Rxe7+ Kxe7 36. Qb8 Rd1+ 37. Bf1 Ne4 38. Qxb7+ Kf8 39. Qxa7 Nd2 40. Qa6 Ke7 41. Qe2 Rxf1+ 42. Qxf1 Nxf1 43. Kxf1 Kd6 44. b4 h5 45. Ke2 1-0

[Event "Bad Wiessee Seniors op"]
[Site "Bad Wiessee"]
[Date "2012.04.29"]
[Round "9"]
[White "Nelson, Wayne"]
[Black "Gerhards, Walter"]
[Result "1-0"]
[WhiteElo "1935"]
[BlackElo "1826"]
[PlyCount "41"]
[EventDate "2012.04.21"]
[EventType "swiss"]
[EventRounds "9"]
[EventCountry "GER"]
[SourceTitle "EXT 2015"]
[Source "ChessBase"]
[SourceDate "2014.11.20"]
[SourceVersion "1"]
[SourceVersionDate "2014.11.20"]
[SourceQuality "1"]

1. d4 d5 2. Nf3 Nf6 3. e3 e6 4. Bd3 c5 5. c3 Nc6 6. Nbd2 Be7 7. 0-0 0-0 8. Re1 Nd7 9. e4 dxe4 10. Nxe4 cxd4 11. cxd4 Nf6 12. Bg5 h6 13. Bh4 Nb4 14. Bb1 b6 15. a3 Nbd5 16. Qd3 Nxe4 17. Bxe7 Qxe7 18. Qxe4 f5 19. Qxd5 Bb7 20. Qxe6+ Qxe6 21. Rxe6 1-0

[Event "Bad Wiessee Seniors op"]
[Site "Bad Wiessee"]
[Date "2012.04.25"]
[Round "5"]
[White "Nelson, Wayne"]
[Black "Kripp, Wolfgang"]
[Result "1/2-1/2"]
[WhiteElo "1935"]
[BlackElo "1982"]
[PlyCount "93"]
[EventDate "2012.04.21"]
[EventType "swiss"]
[EventRounds "9"]
[EventCountry "GER"]
[SourceTitle "EXT 2015"]
[Source "ChessBase"]
[SourceDate "2014.11.20"]
[SourceVersion "1"]
[SourceVersionDate "2014.11.20"]
[SourceQuality "1"]

1. d4 Nf6 2. Bg5 d5 3. Bxf6 exf6 4. e3 Bf5 5. Nd2 c6 6. g3 Qb6 7. Qc1 Nd7 8. Bg2 Be7 9. Ne2 Rc8 10. 0-0 0-0 11. Re1 Rfd8 12. h3 Nf8 13. c3 h6 14. b4 a5 15. a3 a4 16. c4 dxc4 17. Qxc4 g5 18. Rac1 Ng6 19. Ne4 Qa7 20. Nc5 b6 21. Ne4 Be6 22. Qc2 Bb3 23. Qb2 Bd5 24. N2c3 f5 25. Nxd5 fxe4 26. Nxe7+ Qxe7 27. Qc2 Re8 28. Qxa4 Qe6 29. Qc2 f5 30. Qc4 Kf7 31. Rc3 Ne7 32. Qxe6+ Kxe6 33. Rec1 Kd6 34. f3 Nd5 35. Rb3 exf3 36. Bxf3 Nxe3 37. b5 Nd5 38. bxc6 Rxc6 39. Rcb1 Rec8 40. Rb5 Nc3 41. Rxb6 Nxb1 42. Bxc6 Rxc6 43. Rxb1 Kd5 44. Rb5+ Kxd4 45. Rxf5 Rc3 46. Kf2 Rxa3 47. Rf6 1/2-1/2